00627cam a22002051 4500001001300000003000400013005001700017008004100034010001700075035002000092040002300112042001200135050001400147100003700161245011800198260004500316300001700361610002600378999001700404ca 10002024 DLC20260227111052.0850726s1907 dcu f000 0 eng  aca 10002024  a(OCoLC)12310760 aDLCcViUdViUdDLC apremarc00aVA54b.R71 aRoosevelt, Theodore,d1858-1919.10aRemarks of President Roosevelt to the officers and enlisted men on board the U.S.S. Louisiana, November 26, 1906. a[Washington,bGovt. Print. Off.,c1907?] a4 p.c24 cm.10aUnited States.bNavy. c14230d14230